Триботехнические характеристики материалов с термоупругими мартенситными превращениями на основе никилида титана; Прогрессивные технологии и экономика в машиностроении

Detaylı Bibliyografya
Parent link:Прогрессивные технологии и экономика в машиностроении.— 2003.— С. 215-218
Yazar: Хохлов В. А. Виктор Александрович
Diğer Yazarlar: Катанухина С. Л. Софья Леонидовна
Dil:Rusça
Baskı/Yayın Bilgisi: 2003
Konular:
Materyal Türü: MixedMaterials Kitap Bölümü
KOHA link:https://koha.lib.tpu.ru/cgi-bin/koha/opac-detail.pl?biblionumber=111858

MARC

LEADER 00000naa2a2200000 4500
001 111858
005 20231101215026.0
035 |a (RuTPU)RU\TPU\book\120817 
090 |a 111858 
100 |a 20070320d2003 k y0rusy50 ca 
101 0 |a rus 
102 |a RU 
200 1 |a Триботехнические характеристики материалов с термоупругими мартенситными превращениями на основе никилида титана  |f В. А. Хохлов, С. Л. Катанухина 
320 |a Библиогр.: 1 назв. 
463 0 |0 (RuTPU)RU\TPU\book\63552  |y 5-98298-035-8  |t Прогрессивные технологии и экономика в машиностроении  |o труды Всероссийской научно-практической конференции, Юрга, 24-25 апреля 2003 г.  |f Томский политехнический университет; Филиал ТПУ в Юрге; Отв. ред. Б. Г. Долгун  |v С. 215-218  |d 2003  |p 374 с. 
610 1 |a мартенситные превращения 
610 1 |a термоупругость 
610 1 |a никилид титана 
610 1 |a триботехнические характеристики 
610 1 |a труды учёных ТПУ 
700 1 |a Хохлов  |b В. А.  |c физик  |c доцент Юргинского технологического института Томского политехнического университета  |f 1945-  |g Виктор Александрович  |2 stltpush  |3 (RuTPU)RU\TPU\pers\29057  |9 13757 
701 1 |a Катанухина  |b С. Л.  |c физик  |c доцент Томского политехнического университета, кандидат технических наук  |f 1949-  |g Софья Леонидовна  |2 stltpush  |3 (RuTPU)RU\TPU\pers\29250 
801 1 |a RU  |b 63413507  |c 20070320  |g PSBO 
801 2 |a RU  |b 63413507  |c 20180921  |g RCR 
942 |c BK